| 000 | 01085nam a2200277Ia 4500 | ||
|---|---|---|---|
| 003 | OSt | ||
| 005 | 20220923211130.0 | ||
| 006 | a|||||r|||| 00| 0 | ||
| 007 | ta | ||
| 008 | 220922b |||||||| |||| 00| 0 hin d | ||
| 020 |
_a8185127840 (pbk) _c90 |
||
| 024 | _a352,858 | ||
| 037 |
_bGV722, 11/03/2020, Vani Prakashan _cTextual |
||
| 040 |
_aARTS _cARTS _bhin |
||
| 041 |
_2hin _ahin |
||
| 082 | _aO152,1N133x, N8 | ||
| 100 |
_aमिश्र, भवानीप्रसाद, ले. _9158578 |
||
| 245 | 0 |
_aमन एक मैली कमीज है _b कविता संचयन |
|
| 246 | _ahin ek mailī kamīj hai: kavitā sanchayana | ||
| 260 |
_aबीकानेर _b वाग्देवी प्रकाशन _c1998 |
||
| 300 |
_a160पृ. _ccm. |
||
| 650 |
_a हिन्दी साहित्य _9156264 |
||
| 650 | _aहिन्दी कविता | ||
| 942 |
_hO152,1N133x, N8 _cTEXL _2CC |
||
| 999 |
_c295750 _d295750 |
||